The parent’s desk reference (Record no. 36135)

MARC details
000 -LEADER
fixed length control field 00702nam a2200181Ia 4500
020 ## - INTERNATIONAL STANDARD BOOK NUMBER
ISBN 0136499899
050 ## - CALL MARK
Classification number DQ 769. F717/
100 ## - STATEMENT OF RESPONSIBILITY--MAIN AUTHOR NAME
Personal name Franck, Irene M.
245 #4 - TITLE STATEMENT
Title The parent’s desk reference
260 ## - PUBLICATION, DISTRIBUTION, ETC. (IMPRINT)
Place of publication New York
260 ## - PUBLICATION, DISTRIBUTION, ETC. (IMPRINT)
Name of publisher Prentice Hall
260 ## - PUBLICATION, DISTRIBUTION, ETC. (IMPRINT)
Year of publication 1991
300 ## - PHYSICAL DESCRIPTION
Number of Pages 615 p
650 ## - SUBJECT ADDED ENTRY--TOPICAL TERM
Topical Term Child rearing _ United States _ Handbooks, manuals, etc. Parenting _ United States _ Handbooks, manuals, etc. Children _ United States _ Handbooks, manuals, etc. Children _ Health and hygiene _ United States _ Handbooks, manuals, etc. Child development _ United States _ Handbooks, manuals, etc.
942 ## - ADDED ENTRY ELEMENTS (KOHA)
Koha item type Books
Holdings
Withdrawn status Lost status Source of classification or shelving scheme Damaged status Not for loan Permanent Location Current Location Date acquired Accession Number Price effective from Koha item type
    Library of Congress Classification     NILE UNIVERSITY OF NIGERIA - MAIN LIBRARY NILE UNIVERSITY OF NIGERIA - MAIN LIBRARY 04/23/2025 0010394 04/23/2025 Books